000 00572cam a2200205ua 4500
001 8375
008 160614n ii |||gr||||Z||||||eng
020 _a9788122903287
040 _cMAIN
041 _aeng
082 _a820
100 _aTilak, R.,
_eAuthor.
245 _aHistory of english literature :
_bwith social background from chaucer to present day /
_cBy Raghukul Tilak .
250 _a1st.
260 _aDelhi:
_bSurjeet,
_c2010.
300 _a568p.
653 _aEnglish.& Old English literatures
653 _aHistory of english literature
942 _cBK
999 _c7485
_d7485